The heat equation /

Guardado en:
Autor Principal: Widder, D. V. 1898-
Formato: Libro
Idioma:English
Publicado: New York : Academic Press, 1975.
Series:Pure and applied mathematics (Academic Press) ; 67.
Etiquetas: Agregar Etiqueta
Sin Etiquetas, Sea el primero en etiquetar este registro!
LEADER 00699nam a22002055a 4500
001 MAT.inmabb003210
008 051102s1975####nyu######b####001#0#eng#d
005 20130315133059.0
245 1 4 |a The heat equation /  |c D. V. Widder. 
260 |a New York :  |b Academic Press,  |c 1975. 
300 |a xiv, 267 p. ;  |c 24 cm. 
490 0 |a Pure and applied mathematics, a series of monographs and textbooks ;  |v 67 
504 |a Bibliografía: p. 259-262. 
510 4 |a MR,  |c 57 #6840 
020 |a 0127485406 
100 1 |a Widder, D. V.  |q (David Vernon),  |d 1898- 
830 0 |a Pure and applied mathematics (Academic Press) ;  |v 67. 
084 |a 35K05  |2 msc2000 
010 |a  74030816  
859 |h 35  |i W638  |p A-4606  |b BIB. MATEMATICA